| 000 | 00451cam a2200193 4500 | ||
|---|---|---|---|
| 001 | D14761 | ||
| 008 | 090401t1972 xxu||||| |||| 00| 0 eng d | ||
| 035 | _a(Sirsi) u17735 | ||
| 041 | _aeng | ||
| 050 | _a691.09 | ||
| 100 | _aHudson, Kenneth | ||
| 245 | _aBuilding materials | ||
| 260 |
_aLondon _bLongman _c1972 |
||
| 300 | _aviii. 122p. ill. 22cm | ||
| 350 | _a2.75 | ||
| 490 | _aIndustrial Archaeology 9 | ||
| 942 | _n0 | ||
| 948 | _c04/03/1997 | ||
| 999 |
_c87543 _d87543 |
||